Fr. Conceicao Rodrigues College of Engineering

Motor Vehicles Engines (Record no. 24058)

MARC details
000 -LEADER
fixed length control field 00300nam a2200133Ia 4500
082 ## - DEWEY DECIMAL CLASSIFICATION NUMBER
Classification number 629.25
100 ## - MAIN ENTRY--PERSONAL NAME
Personal name Arkhangelsky/ V. & others
245 ## - TITLE STATEMENT
Title Motor Vehicles Engines
260 ## - PUBLICATION, DISTRIBUTION, ETC.
Name of publisher, distributor, etc. Mir Publishers
Place of publication, distribution, etc. Moscow
Date of publication, distribution, etc. 1976
300 ## - PHYSICAL DESCRIPTION
Extent 619
546 ## - LANGUAGE NOTE
Language note ENGLISH
654 ## - SUBJECT ADDED ENTRY--FACETED TOPICAL TERMS
Focus term Motor vehicles
942 ## - ADDED ENTRY ELEMENTS (KOHA)
Koha item type BOOK
Holdings
Withdrawn status Lost status Damaged status Not for loan Collection Home library Current library Shelving location Date acquired Source of acquisition Cost, normal purchase price Inventory number Total Checkouts Full call number Barcode Date last seen Cost, replacement price Price effective from Koha item type
        AFT Fr. Agnel's C.Rodrigues College of Engineering Fr. Agnel's C.Rodrigues College of Engineering   17/03/2023 Crown Book House 18.50 84   629.25 AFT3576 17/03/2023 18.50 17/03/2023 BOOK